| 000 | 00694nam a2200229Ia 4500 | ||
|---|---|---|---|
| 003 | OSt | ||
| 005 | 20250805152349.0 | ||
| 008 | 210210b2017 xxu||||| |||| 00| 0 eng d | ||
| 040 | _cAL | ||
| 041 | _aKannada | ||
| 082 | _aK894.308 SHAV | ||
| 100 |
_aSHARANAPPA (G) _dಶರಣಪ್ಪ (ಜಿ) _9234048 |
||
| 245 |
_aVishvavikhyata janapada kathegalu _b ವಿಶ್ವವಿಖ್ಯಾತ ಜಾನಪದ ಕಥೆಗಳು |
||
| 260 |
_aBengaluru _bSi Vi Ji Pablikeshans _c2017 |
||
| 300 | _aviii,351 | ||
| 650 |
_aVishvavikhyata _9234049 |
||
| 650 |
_akathegalu _9234050 |
||
| 650 |
_ajanapada _9234051 |
||
| 690 |
_aKannada Fiction _9234052 |
||
| 906 | _a071951 | ||
| 942 |
_2ddc _cBK |
||
| 999 |
_c121703 _d121703 |
||